Loading...
| Religion | 0 | 7 | 1 | 0 | 65 | 40 | 75.43 | 1 | 2 |
| Literature - European Literature | 0 | 5 | 0 | 1 | 50 | 91 | 119.40 | 0 | 0 |
| Literature - World Literature | 0 | 3 | 0 | 0 | 30 | 55 | 87.00 | 0 | 2 |
| Philosophy | 0 | 3 | 0 | 1 | 30 | 105 | 117.67 | 0 | 0 |
| Literature - American Literature | 0 | 3 | 1 | 2 | 25 | 119 | 139.00 | 0 | 1 |
| History - European History | 0 | 2 | 0 | 1 | 20 | 123 | 129.50 | 0 | 0 |
| Literature - British Literature | 0 | 2 | 1 | 0 | 15 | 100 | 123.50 | 0 | 1 |
| Social Science | 0 | 1 | 0 | 0 | 10 | 103 | 103.00 | 0 | 0 |
| Fine Arts - Classical Music | 0 | 1 | 0 | 1 | 10 | 151 | 151.00 | 0 | 0 |
| Fine Arts - Other Fine Arts | 0 | 1 | 0 | 0 | 10 | 125 | 125.00 | 0 | 0 |
| Geography | 0 | 1 | 0 | 0 | 10 | 118 | 118.00 | 0 | 0 |
| Mythology | 0 | 1 | 0 | 0 | 10 | 124 | 124.00 | 0 | 0 |
| Any History | 0 | 1 | 0 | 0 | 10 | 105 | 105.00 | 0 | 0 |
| History - World History | 0 | 1 | 1 | 1 | 5 | 136 | 136.00 | 0 | 0 |
| Painting & Sculpture | 0 | 0 | 1 | 0 | -5 | 0.00 | 0 | 0 |